000
00303nam a2200133Ia 4500
005
20251222140036.0
008
251222s1900||||xx |||||||||||||| ||spa||
020
_a
9506142998
082
_a
142/M26
100
_a
Herbert Marcuse
245
0
_a
El Hombre Unidimensional
264
_b
Orbis
942
_c
LIB
999
_c
3125
_d
3125